000 00944cam a2200229 i 4500
999 _c57436
_d57436
001 19095125
005 20221105214313.0
008 160512s2017 mou b 001 0 eng
020 _a9780323396202 1
041 _aeng
080 _a612.76 M-97
100 1 _aMuscolino, Joseph E.,
_e
_98629
245 1 0 _aKinesiology :
_bthe skeletal system and muscle function /
_cJoseph E. Muscolino, DC, Instructor, Purchase College, State University of New York, Purchase, New York, Owner, The Art and Science of Kinesiology, Stamford, Connecticut.
250 _a3rd edition.
264 1 _aSt. Louis :
_bElsevier Inc.,
_c2017.
300 _a742 pages ;
_c28 cm.
504 _aIncludes bibliographical references and index.
653 _aკინეზიოლოგია
653 _aადამიანის ძვალ-სახსროვანი სისტემები
653 _aმედიცინა
942 _2udc
_cBK